| 000 | 01432cam a2200229 4500 | ||
|---|---|---|---|
| 001 | ABS63492 | ||
| 008 | 000000n2001 000 0 eng u | ||
| 035 | _a(Sirsi) u110445 | ||
| 100 | _aJones, S. | ||
| 245 | _aBeyond the backlash | ||
| 260 | _c2001 | ||
| 490 |
_aGreen Futures _v(26) January/February 2001, 32-38(6) |
||
| 520 | _aConsiders the future of the market for organic produce following a recent media backlash prompted by the high cost of organics and recent health scares. Despite this the demand for organics from consumers continues to grow and to exceed the domestic industry's ability to supply. Whilst there has been increasing support for organic farming and produce from the Agriculture Minister, House of Lords select committee, and MAFF in recent years the organic market has yet to fulfil its potential, with 70% of organic food having to be imported. Examines the Soil Association's proposed solutions to the problems, most notably in the form of the Organic Food and Farming Targets Bill, and calls for a 'leap of faith' from farmers. Includes information on the European industry and an interview with the Soil Association President, Jonathan Dimbleby. | ||
| 590 | _aABS | ||
| 650 | _aORGANIC FARMS | ||
| 650 | _aORGANIC FOOD | ||
| 650 | _aORGANIC FOOD AND FARMING TARGETS BILL | ||
| 650 | _aSOIL ASSOCIATION | ||
| 690 | _aRURAL-FARM BUSINESS MANAGEMENT | ||
| 700 | _aWright, M. | ||
| 942 | _n0 | ||
| 999 |
_c65848 _d65848 |
||